000 00300nam a2200109Ia 4500
008 220204s9999 xx 000 0 und d
082 _a678:541.6
_bHIG.17
100 _aVolkenstein, M V
245 0 _aConfigurational statistics of polymeric chains
260 _aNew York
_bJohn Wiley
_c1963
942 _cBK
999 _c20484
_d20484